| 000 | 00782nam a2200253 a 4500 | ||
|---|---|---|---|
| 001 | 000032365 | ||
| 003 | DO-SdBNP | ||
| 005 | 20170927114452.0 | ||
| 007 | 000032365 | ||
| 008 | 110714s1993 dr 000 p spa d | ||
| 040 |
_aBPMSU _bspa _cBPMSU |
||
| 082 |
_aRD861.44 _bM491c |
||
| 100 | 1 | _aMedina, Oquendo | |
| 245 | 1 | 0 |
_aConversaciones con Pedro y otros poemas / _cOquendo Medina, prólogo José Emilio González. |
| 260 |
_aSanto Domingo : _bCírculo Gráfico Creativo, _c1993. |
||
| 300 |
_a141 p. ; _c23 cm. |
||
| 650 | 4 | _aPOESÍA DOMINICANA | |
| 650 | 4 | _aLITERATURA DOMINICANA | |
| 700 | 1 | 2 | _aGonzález, José Emilio |
| 910 | _aValidado. Control de calidad MFF | ||
| 942 |
_2ddc _cBK |
||
| 945 | _aInventariado / 2017 VM | ||
| 956 |
_aVMATEO _b10 _c20150922 _lBPMSU _h0069 |
||
| 999 |
_c7296 _d7296 |
||